00279pab a2200097 454500008004000000245006700040260000900107300001000116650002400126773003100150180718b1983 xxu||||| |||| 00| 0 eng d aSpecial issue on the political economy of urbanisation in Asia c1983 a5-137 aUrbanisation - Asia aComparative Urban Research